00918nam a2200229 4500001000700000003000900007005001700016007000300033008004100036100002700077245010400104250001200208260003000220300002900250490008500279700002700364700003000391830009300421852003300514999001900547952012200566112205ES-MaACL20230906185455.0t|061121s1986 sp r ||||1| spa d1 aNicolson, Iain.98560613aEl Sol / cIain Nicolson; prefacio por el profesor Archie E. Roy; [traducción, Robert Estalella]. a1ª ed. aMadrid : bBlume, c1986. a96 p. : bil. ; c29 cm.1 aBiblioteca de atlas astronómicos para observadores profesionales y aficionados1 aRoy, Archie E.91001951 aEstalella, Robert.9480050 aBiblioteca de atlas astronómicos para observadores profesionales y aficionados9185700 aES-MaACLjL-11369 bR.112854 c112205d112205 00104070aATENEOMbATENEOMcDEPO2d2008-01-17eSCl0oL-11369p1117046r2023-02-23 00:00:00w2023-02-23yMONOGRAFIA